|
|
|
|
| LEADER |
00000nas a2200000 a 4500 |
| 001 |
ssj0012361 |
| 003 |
WaSeSS |
| 005 |
20200512172242.0 |
| 006 |
m d |
| 007 |
cr n |
| 008 |
850612c19859999ilubr p s 0 a0eng c |
| 010 |
|
|
|a 88656310
|z sn 85007424
|
| 016 |
7 |
|
|a 8612808
|2 DNLM
|
| 016 |
7 |
|
|a SR0057070
|2 DNLM
|
| 016 |
7 |
|
|a 009200735
|2 Uk
|
| 022 |
|
|
|l 0883-5381
|y 0883-5381
|
| 030 |
|
|
|a HEEXEU
|
| 032 |
|
|
|a 758330
|b USPS
|
| 035 |
|
|
|a (WaSeSS)ssj0012361
|
| 037 |
|
|
|b Foundation of the American College of Healthcare Executives, P.O. Box 95639, Chicago, IL 60694
|
| 040 |
|
|
|a NSD
|b eng
|c NSD
|d NLM
|d NSD
|d NYG
|d NLM
|d NST
|d DLC
|d NST
|d DLC
|d EYM
|d NST
|d CAS
|d NLM
|d IUL
|d OCLCQ
|d DLC
|d OCLCQ
|d UKMGB
|d OCLCQ
|d OCLCF
|d OCLCO
|d OCLCQ
|d OCLCO
|d RDF
|d OCLCO
|d OCLCQ
|d OCLCO
|d OCLCA
|d OCLCQ
|d WaSeSS
|
| 042 |
|
|
|a nsdp
|a pcc
|
| 050 |
0 |
0 |
|a RA971
|b .H45
|
| 060 |
0 |
0 |
|a W1
|b HE607K
|
| 082 |
0 |
0 |
|a 362.1/068/8
|2 20
|
| 210 |
0 |
|
|a Healthc. exec.
|
| 222 |
|
0 |
|a Healthcare executive
|
| 245 |
0 |
0 |
|a Healthcare executive
|h [electronic resource].
|
| 246 |
3 |
|
|a Health care executive
|
| 260 |
|
|
|a Chicago, IL :
|b Foundation of the American College of Healthcare Executives,
|c [©1985]-
|
| 310 |
|
|
|a Bimonthly
|
| 362 |
0 |
|
|a Vol. 1, no. 1 (Nov./Dec. 1985)-
|
| 500 |
|
|
|a Title from cover.
|
| 506 |
|
|
|a License restrictions may limit access.
|
| 550 |
|
|
|a Vols. for Sept./Oct. 1986- issued by the PSSI.
|
| 580 |
|
|
|a Issued also online.
|
| 588 |
|
|
|a Latest issue consulted: Vol. 13, no. 6 (Nov./Dec. 1998).
|
| 650 |
|
0 |
|a Health services administration
|v Periodicals.
|
| 650 |
|
0 |
|a Health facilities
|x Administration
|v Periodicals.
|
| 650 |
|
0 |
|a Hospital administrators
|v Periodicals.
|
| 650 |
|
7 |
|a Health facilities
|x Administration.
|2 fast
|0 (OCoLC)fst00952952
|
| 650 |
|
7 |
|a Health services administration.
|2 fast
|0 (OCoLC)fst00953286
|
| 650 |
|
7 |
|a Hospital administrators.
|2 fast
|0 (OCoLC)fst00960915
|
| 650 |
|
2 |
|a Health Facility Administrators.
|
| 650 |
|
2 |
|a Health Services Administration.
|
| 650 |
|
2 |
|a Hospital Administration.
|
| 655 |
|
0 |
|a Electronic journals.
|
| 710 |
2 |
|
|a American College of Healthcare Executives.
|b Foundation.
|
| 710 |
2 |
|
|a PSSI (Firm)
|
| 850 |
|
|
|a AAP
|a AzTeS
|a CU
|a DLC
|a DNLM
|a IEN
|a IaU
|a InU
|a MiU
|a N
|a NN
|a PU-W
|a TxHMC
|
| 856 |
4 |
0 |
|z Full text available from Research Library: 01/01/1991 to present
|u https://search.proquest.com/publication/36283
|